| 000 | 01019nam a2200241 a 4500 | ||
|---|---|---|---|
| 999 |
_c10793 _d10793 |
||
| 001 | 10793 | ||
| 003 | BD-JhCC | ||
| 005 | 20220522134022.0 | ||
| 008 | 190403s20132018bg a|||| |||| 000 0 ben d | ||
| 035 | _a(BD-JhCC)10793 | ||
| 040 |
_aBD-JhCC _dBD-JhCC |
||
| 041 | _aeng | ||
| 082 |
_a530 _bKHA 2018 |
||
| 100 | _aখান, আমির হোসেন | ||
| 245 |
_aপদার্থবিজ্ঞান : _bদ্বিতীয় পত্র একাদশ-দ্বাদশ শ্রেণি / _cআমির হোসেন খান, মোহাম্মদ ইসহাক এবং মো. নজরুল ইসলাম |
||
| 250 | _a৫ম. | ||
| 260 |
_aঢাকা : _bআইডিয়াল বুকস, _c২০১৮. |
||
| 300 |
_a৬৮৪ পৃ. : _bচিত্রাবলী সংযোজিত, _c২১ সেমি. |
||
| 650 | _aPhysics | ||
| 700 | _aইসহাক, মোহাম্মদ | ||
| 700 | _aইসলাম, মো. নজরুল | ||
| 942 |
_2ddc _cBK _011 |
||